000 00258nam a2200109Ia 4500
008 220204s9999 xx 000 0 und d
082 _a082.09
_bBRE
100 _aBrett, R L
245 0 _aFancy and imagination
260 _aLondon
_bMethuen
_c1969
942 _cBK
999 _c34139
_d34139